C.A.G. report, the last nail / (Record no. 129726)

MARC details
000 -LEADER
fixed length control field 00699nam a22002177a 4500
005 - DATE AND TIME OF LATEST TRANSACTION
control field 20170124110101.0
010 ## - LIBRARY OF CONGRESS CONTROL NUMBER
LC control number A-386376
020 ## - INTERNATIONAL STANDARD BOOK NUMBER
Terms of availability 100.00
International Standard Book Number 8185209014
035 ## - SYSTEM CONTROL NUMBER
System control number A-386376
037 ## - SOURCE OF ACQUISITION
Source of stock number/acquisition Cen Lib/Ret
040 ## - CATALOGING SOURCE
Original cataloging agency DPL
Language of cataloging EN
082 ## - DEWEY DECIMAL CLASSIFICATION NUMBER
Classification number 954.09
Item number JAI
100 ## - MAIN ENTRY--PERSONAL NAME
Personal name Jai, Janak Raj
9 (RLIN) 5661
245 ## - TITLE STATEMENT
Title C.A.G. report, the last nail /
Statement of responsibility, etc by Janak Raj Jai
260 ## - PUBLICATION, DISTRIBUTION, ETC. (IMPRINT)
Name of publisher, distributor, etc Rajiv Publications
Place of publication, distribution, etc New Delhi
270 ## - ADDRESS
Address B-24/2D/DIZ/SII,Gole Market
City New Delhi
Postal code 110001
300 ## - PHYSICAL DESCRIPTION
Extent vii,224p.
Dimensions 21cm(Hb)
650 ## - SUBJECT ADDED ENTRY--TOPICAL TERM
Topical term or geographic name as entry element India -- Armed Forces -- Procurement -- Corrupt practices
9 (RLIN) 27223
650 ## - SUBJECT ADDED ENTRY--TOPICAL TERM
Topical term or geographic name as entry element India -- Politics and government -- 1977
9 (RLIN) 37
942 ## - ADDED ENTRY ELEMENTS (KOHA)
Source of classification or shelving scheme Dewey Decimal Classification
Koha item type English Books
Classification part 954.09
Call number suffix JAI
Holdings
Withdrawn status Lost status Damaged status Not for loan Home library Current library Date acquired Source of acquisition Cost, normal purchase price Total Checkouts Full call number Barcode Date last seen Copy number Cost, replacement price Price effective from Koha item type
        Central Library Central Library 07/07/2015 Cen Lib/Ret 100.00   954.09 JAI A-386376 07/07/2015 1 100.00 07/07/2015 English Books

© Delhi Public Library
Hit Counter
free hit counter